Fiscal federalism and local government finance in Nigeria: an examination of revenue rights and fiscal jurisdiction (Record no. 55307)

000 -LEADER
fixed length control field 00533pab a2200169 454500
008 - FIXED-LENGTH DATA ELEMENTS--GENERAL INFORMATION
fixed length control field 180718b2002 xxu||||| |||| 00| 0 eng d
100 ## - MAIN ENTRY--PERSONAL NAME
Personal name Akindele, S.T.
245 ## - TITLE STATEMENT
Title Fiscal federalism and local government finance in Nigeria: an examination of revenue rights and fiscal jurisdiction
260 ## - PUBLICATION, DISTRIBUTION, ETC.
Date of publication, distribution, etc. 2002
362 ## - DATES OF PUBLICATION AND/OR SEQUENTIAL DESIGNATION
Dates of publication and/or sequential designation Dec
650 ## - SUBJECT ADDED ENTRY--TOPICAL TERM
Topical term or geographic name entry element Local government - Nigeria
650 ## - SUBJECT ADDED ENTRY--TOPICAL TERM
Topical term or geographic name entry element Local government
700 ## - ADDED ENTRY--PERSONAL NAME
Personal name Obiyan, A. Sat
700 ## - ADDED ENTRY--PERSONAL NAME
Personal name Olaopa, O.R.
773 ## - HOST ITEM ENTRY
Main entry heading International Review of Administrative Sciences
909 ## -
-- 55307
Holdings
Withdrawn status Lost status Damaged status Not for loan Permanent Location Current Location Date acquired Serial Enumeration / chronology Barcode Date last seen Price effective from Koha item type
        Indian Institute of Public Administration Indian Institute of Public Administration 2018-07-19 Volume no: 68, Issue no: 4 AR55752 2018-07-19 2018-07-19 Articles

Powered by Koha